| 000 | 01666cam a2200457 i 4500 | ||
|---|---|---|---|
| 999 |
_c20341 _d20341 |
||
| 001 | 22545963 | ||
| 003 | OSt | ||
| 005 | 20240621164320.0 | ||
| 008 | 220513t20232023caua b 001 0 eng d | ||
| 010 | _a 2022938570 | ||
| 015 |
_aGBC308025 _2bnb |
||
| 016 | 7 |
_a020869329 _2Uk |
|
| 020 |
_a1529793610 _q(hbk) |
||
| 020 |
_a9781529793611 _q(hbk) |
||
| 020 |
_a9781529793604 _q(paperback) |
||
| 020 |
_a1529793602 _q(paperback) |
||
| 020 |
_z9781529613247 _q(ePDF ebook) |
||
| 035 | _a(OCoLC)on1345580960 | ||
| 040 |
_aYDX _beng _erda _cYDX _dUKMGB _dOCLCQ _dOCLCF _dIG$ _dOCLCO _dNDD _dDLC |
||
| 042 | _alccopycat | ||
| 050 | 0 | 0 |
_aHD57.7 _b.B728 2005 |
| 082 | 0 | 4 |
_a658.4/092 _223 |
| 245 | 0 | 0 |
_aOrganizational leadership / _cedited by John Bratton ; with a foreword by Mary Robinson. |
| 250 | _aSecond edition. | ||
| 264 | 1 |
_aLos Angeles : _bSAGE, _c[2023] |
|
| 264 | 4 | _c©2023 | |
| 300 |
_axxiv, 455 pages : _billustrations ; _c25 cm |
||
| 336 |
_atext _btxt _2rdacontent |
||
| 337 |
_aunmediated _bn _2rdamedia |
||
| 338 |
_avolume _bnc _2rdacarrier |
||
| 504 | _aIncludes bibliographical references (pages 375-446) and index. | ||
| 650 | 0 |
_aLeadership. _957371 |
|
| 650 | 6 |
_aLeadership. _957371 |
|
| 650 | 7 |
_aLeadership _2fast _957371 |
|
| 700 | 1 |
_aBratton, John, _eeditor. _957372 |
|
| 775 | 0 | 8 |
_iRevision of (expression): _aBratton, John. _tOrganizational leadership _dMason, Ohio : Thomson/South-Western, c2005 |
| 776 | 0 | 8 |
_iebook version : _z9781529613247 |
| 906 |
_a7 _bcbc _ccopycat _d2 _encip _f20 _gy-gencatlg |
||
| 942 |
_2ddc _cDC |
||